Sueño de Arizona /

Saved in:
Format: Book
Published: Argentina : Leader Music 2010.
LEADER 00310nam a22001097a 4500
003 AR-BeUNQ
005 20221114201825.0
999 |c 36630  |d 120430 
245 |a Sueño de Arizona /  |c Emir Kusturica. 
260 |a Argentina :  |c 2010.  |b Leader Music 
929 |a DONACION  |b María Váldez  |d 300,00E  |e 20211215  |f PAT0078508  |g 3617  |o PR 
942 |c DVD